| 000 -LEADER |
| fixed length control field |
00623nam a22002297a 4500 |
| 008 - FIXED-LENGTH DATA ELEMENTS--GENERAL INFORMATION |
| fixed length control field |
150622b xxu||||| |||| 00| 0 eng d |
| 020 ## - INTERNATIONAL STANDARD BOOK NUMBER |
| International Standard Book Number |
9781133348658 |
| 041 0# - LANGUAGE CODE |
| Language code of text/sound track or separate title |
eng |
| 080 ## - UNIVERSAL DECIMAL CLASSIFICATION NUMBER |
| Universal Decimal Classification number |
339 |
| 100 ## - Rafti |
| Rafti |
Adler, Nancy J.; |
| 245 ## - TITLE STATEMENT |
| Title |
MGT 309 International Business / |
| Statement of responsibility, etc |
Nancy J. Adler; Mike W. Peng; |
| 250 ## - |
| -- |
1st Edition |
| 260 ## - |
| -- |
USA: |
| -- |
Compilation; |
| -- |
2011. |
| 300 ## - |
| -- |
393 f.: |
| -- |
me il.; |
| -- |
24 cm. |
| 500 ## - |
| -- |
Preface: f.v-ix |
| 505 ## - |
| -- |
Index: f.383-393 |
| 650 #0 - |
| -- |
Biznesi ndërkombëtar |
| 650 #0 - |
| -- |
Tregëtia ndërkombëtare |
| 650 #0 - |
| -- |
Menaxhimi |
| 650 #0 - |
| -- |
Organizimi |
| 942 ## - ADDED ENTRY ELEMENTS (KOHA) |
| Source of classification or shelving scheme |
|
| Item type |
Books |